| 000 | 00510nam a2200121Ia 4500 | ||
|---|---|---|---|
| 008 | 171212s9999 xx 000 0 und d | ||
| 020 | _a9780833047304 | ||
| 100 | _aSchwartz, Lowell H.;Helmus, Todd C.;Kaye, Dalia Dassa;Oweidat, Nadia | ||
| 245 |
_cSchwartz, Lowell H.;Helmus, Todd C.;Kaye, Dalia Dassa;Oweidat, Nadia _aBarriers to the Broad Dissemination of Creative Works in the Arab World |
||
| 260 |
_bRAND Corporation _c2009 |
||
| 650 | _aArt & Art History | ||
| 856 | _uwww.jstor.org/stable/10.7249/mg879osd | ||
| 999 |
_c351794 _d351794 |
||